The world of norm / (Record no. 1291)

MARC details
000 -LEADER
fixed length control field 00960nam a22002417a 4500
005 - DATE AND TIME OF LATEST TRANSACTION
control field 20230811111810.0
020 ## - INTERNATIONAL STANDARD BOOK NUMBER
International Standard Book Number 9781408328392
040 ## - CATALOGING SOURCE
Original cataloging agency FISKH
Language of cataloging eng
Transcribing agency FISKH
Modifying agency FISKH
050 ## - LIBRARY OF CONGRESS CALL NUMBER
Classification number PZ7
082 ## - DEWEY DECIMAL CLASSIFICATION NUMBER
Classification number 823.92
100 ## - MAIN ENTRY--PERSONAL NAME
Personal name Meres, Jonathan
245 ## - TITLE STATEMENT
Title The world of norm /
Remainder of title may be contagious
Statement of responsibility, etc. Jonathan Meres
260 ## - PUBLICATION, DISTRIBUTION, ETC.
Place of publication, distribution, etc. Sydney :
Name of publisher, distributor, etc. Orchard,
Date of publication, distribution, etc. 2013.
300 ## - PHYSICAL DESCRIPTION
Extent 265 pages, 11 unnumbered pages of plates :
Dimensions 20 cm
490 ## - SERIES STATEMENT
Materials specified World of norm
505 ## - FORMATTED CONTENTS NOTE
Formatted contents note H
520 ## - SUMMARY, ETC.
Summary, etc. Norm is back! And he knows that it's just going to be one of those days...Before long a dog-related injury prevents him from biking, and an old "friend" threatens the one thing even more important to Norm than his bike. And we're not talking pizza! Upset plans and upset stomachs...Norm's out of luck. And it may be contagious!
521 ## - TARGET AUDIENCE NOTE
Target audience note 520 <br/>
Source Lexile<br/>
521 ## - TARGET AUDIENCE NOTE
Target audience note H <br/>
Source Raz-Plus
942 ## - ADDED ENTRY ELEMENTS (KOHA)
Source of classification or shelving scheme Dewey Decimal Classification
Koha item type Books
Suppress in OPAC No
999 ## -
-- 1291
-- 1291
Holdings
Withdrawn status Lost status Source of classification or shelving scheme Damaged status Not for loan Collection Home library Current library Shelving location Date acquired Total Checkouts Full call number Barcode Date last seen Date last checked out Price effective from Koha item type
    Dewey Decimal Classification     Juvenile Fiction Footprints International School Library Network Toul Kork Campus Footprints International School Library Network Toul Kork Campus TK Primary Library Room(4th Floor), Bookcase 3&4, Shelves 17-32, Yellow Books 08/11/2023 1 MER 823.92 PZ7 FISTK05294 11/02/2023 10/26/2023 08/11/2023 Books